000 00239nam a22001097a 4500
008 170126b xxu||||| |||| 00| 0 eng d
020 _a9780071496797
041 _aeng
080 _a61
245 _aEMT BASIC
_cDIPRIMA, P.A
942 _2udc
_cBK
999 _c3747
_d3747